Teofanía : el espíritu de la antigua religión griega /
El autor explora la mitología griega clásica a partir del concepto de teofanía, es decir, la manifestación de los dioses en los aspectos de la vida. Con ello, reflexiona sobre la importancia que tiene el mito para que el ser humano sea capaz de alcanzar lo Divino.
Guardat en:
| Autor principal: | |
|---|---|
| Format: | Llibre |
| Idioma: | espanyol |
| Publicat: |
Madrid, España
Sexto Piso,
2007, c2007
|
| Matèries: | |
| Etiquetes: |
Sense etiquetes, Sigues el primer a etiquetar aquest registre!
|
MARC
| LEADER | 00000nam^a2200000^a^4500 | ||
|---|---|---|---|
| 001 | 000355052 | ||
| 005 | 20250521000000.0 | ||
| 009 | 20260310115153.903 | ||
| 020 | |a 978-84-96867-07-9 | ||
| 025 | |a Donación Juan Diego Castillo, 1 ejemplar | ||
| 037 | |a Acervo ITESO - Biblioteca | ||
| 041 | |a ESP | ||
| 082 | |a 292. 13 |b OTT | ||
| 100 | |a Otto, Walter F. |e (autor) | ||
| 245 | 1 | 0 | |a Teofanía : |b el espíritu de la antigua religión griega / |c W.F. Otto ; tr. por Juan Jorge Thomas. |
| 264 | 4 | |a Madrid, España |b Sexto Piso, |c 2007, c2007 | |
| 300 | |a 140 p. | ||
| 336 | |a texto |b txt |2 rdacontenido | ||
| 337 | |a sin mediación |b n |2 rdamedio | ||
| 338 | |a volumen |b nc |2 rdasoporte | ||
| 500 | |a Traducción de: Theophania: Der Geist der altgriechischen Religion | ||
| 520 | |a El autor explora la mitología griega clásica a partir del concepto de teofanía, es decir, la manifestación de los dioses en los aspectos de la vida. Con ello, reflexiona sobre la importancia que tiene el mito para que el ser humano sea capaz de alcanzar lo Divino. | ||
| 649 | |a XX | ||
| 650 | |a Dioses | ||
| 650 | |a Mitología Griega - |x Tema Principal | ||
| 650 | |a Mitología Clásica | ||
| 650 | |a Literatura Griega - |x Historia y Crítica | ||
| 650 | |a Literatura Clásica - |x Historia y Crítica | ||
| 650 | |a Religión - |z Grecia - |x Historia | ||
| 650 | |a Historia Antigua | ||
| 910 | |a Fondo Castillo-Martínez | ||
| 920 | |a Impresos - Libros | ||
| 930 | |a Fondos Especiales | ||
| 905 | |a 127 | ||
| 901 | |a 0500248119 |b IT2 |c ESP |i D |u 20250521 | ||
| 902 | |a https://opac.biblio.iteso.mx/vufind/Record/000355052 | ||